Путь к покупателю: О том как преуспевающие компании делают товары, которые мы с удовольствием покупаем; пер. с англ.

Dettagli Bibliografici
Autore principale: Пилдич Дж. Джеймс
Altri autori: Бобров В. Б. (переводчик), Пенькова Е. М. (редактор)
Lingua:russo
Pubblicazione: Москва, Прогресс, 1991
Soggetti:
Natura: MixedMaterials Libro
KOHA link:https://koha.lib.tpu.ru/cgi-bin/koha/opac-detail.pl?biblionumber=17922

MARC

LEADER 00000nam0a2200000 4500
001 17922
005 20231030191109.0
010 |a 0063183919 
035 |a (RuTPU)RU\TPU\book\18070 
035 |a BOOK00002758 
090 |a 17922 
100 |a 20011209d1991 m y0 y50 ca 
101 1 |a rus  |c eng 
102 |a RU 
105 |a a z 000zy 
200 1 |a Путь к покупателю  |e О том как преуспевающие компании делают товары, которые мы с удовольствием покупаем  |e пер. с англ.  |f Дж. Пилдич  |g пер. В. Б. Бобров ; общ. ред. Е. М. Пеньковой 
210 |a Москва  |c Прогресс  |d 1991 
215 |a 256 с.  |c ил. 
610 1 |a экономика 
610 1 |a торговля 
610 1 |a коммерция 
610 1 |a товары 
610 1 |a конкуренция 
610 1 |a качество 
686 |a У80  |v LBC/SL-A  |2 rubbk 
700 1 |a Пилдич  |b Дж.  |g Джеймс 
702 1 |a Бобров  |b В. Б.  |4 730 
702 1 |a Пенькова  |b Е. М.  |4 340 
801 0 |a RU  |b 63413507  |c 20011209  |g PSBO 
801 2 |a RU  |b 63413507  |c 20170919  |g PSBO 
942 |c BK